Những người dẫn đường trời /

Wedi'i Gadw mewn:
Manylion Llyfryddiaeth
Prif Awdur: Nguyễn Bắc Sơn.
Fformat: Llyfr
Iaith:Vietnamese
Cyhoeddwyd: Hà Nội : Văn hoá thông tin, 1999.
Pynciau:
Tagiau: Ychwanegu Tag
Dim Tagiau, Byddwch y cyntaf i dagio'r cofnod hwn!
Thư viện lưu trữ: Mạng thư viện Đại học Đà Nẵng
LEADER 00823cam a2200325 i 4500
001 000046798
003 6306
005 20040525101127.0
008 010306b1999 vm 000 vie
020 |c 28000 
040 |a IRC  |c IRC  |d IRC 
041 0 |a vie 
082 1 4 |a 895.9283403  |b NG-S 
100 1 |a Nguyễn Bắc Sơn. 
245 0 6 |a Những người dẫn đường trời /  |c Nguyễn Bắc Sơn. 
260 |a Hà Nội :  |b Văn hoá thông tin,  |c 1999. 
300 |a 361tr. ;  |c 19cm. 
630 0 4 |a Văn học Việt. 
630 0 4 |a Ký. 
650 0 4 |a Văn học Việt  |x Ký. 
OWN |a DUT 
999 |a From the UDN01 
TYP |a Monograph 
TYP |a Printed language 
980 |a Mạng thư viện Đại học Đà Nẵng